<?xml version="1.0" encoding="UTF-8"?>
<record
    xmlns:xsi="http://www.w3.org/2001/XMLSchema-instance"
    xsi:schemaLocation="http://www.loc.gov/MARC21/slim http://www.loc.gov/standards/marcxml/schema/MARC21slim.xsd"
    xmlns="http://www.loc.gov/MARC21/slim">

  <leader>00876nam a2200241 a 4500</leader>
  <controlfield tag="001">000013585</controlfield>
  <controlfield tag="005">20200929163258.0</controlfield>
  <controlfield tag="008">091125s1974    ag            000 f spa d</controlfield>
  <datafield tag="040" ind1=" " ind2=" ">
    <subfield code="a">DO-SdBNP</subfield>
    <subfield code="b">spa</subfield>
    <subfield code="c">BNPHU</subfield>
  </datafield>
  <datafield tag="082" ind1=" " ind2=" ">
    <subfield code="a">889.3</subfield>
    <subfield code="b">K23a, 1974</subfield>
  </datafield>
  <datafield tag="100" ind1="1" ind2=" ">
    <subfield code="a">Kazantzakis, Niko,</subfield>
    <subfield code="d">1883-1957</subfield>
    <subfield code="9">30983</subfield>
  </datafield>
  <datafield tag="240" ind1="1" ind2="0">
    <subfield code="a">B&#x399;&#x39F;&#x3A3; &#x39A;&#x391;&#x399; &#x3A0;&#x39F;&#x39B;&#x3A4;&#x395;&#x399;&#x391; &#x3A4;&#x39F;&#x3A5; &#x391;&#x39B;&#x395;&#x39E;&#x397; &#x396;&#x39F;&#x3A1;&#x39C;&#x3A0;&#x391;.</subfield>
    <subfield code="l">Espa&#xF1;ol</subfield>
  </datafield>
  <datafield tag="245" ind1="1" ind2="0">
    <subfield code="a">Alexis zorba :</subfield>
    <subfield code="b">el griego /</subfield>
    <subfield code="c">Niko Kazantzakis ; traducci&#xF3;n castellana de Roberto Guibourg.</subfield>
  </datafield>
  <datafield tag="250" ind1=" " ind2=" ">
    <subfield code="a">2a ed.</subfield>
  </datafield>
  <datafield tag="260" ind1=" " ind2=" ">
    <subfield code="a">Buenos Aires :</subfield>
    <subfield code="b">Carlos Lohl&#xE9;,</subfield>
    <subfield code="c">1974.</subfield>
  </datafield>
  <datafield tag="300" ind1=" " ind2=" ">
    <subfield code="a">322 p. ;</subfield>
    <subfield code="c">20 cm.</subfield>
  </datafield>
  <datafield tag="534" ind1=" " ind2=" ">
    <subfield code="p">T&#xED;tulo original en griego:</subfield>
    <subfield code="t">B&#x399;&#x39F;&#x3A3; &#x39A;&#x391;&#x399; &#x3A0;&#x39F;&#x39B;&#x3A4;&#x395;&#x399;&#x391; &#x3A4;&#x39F;&#x3A5; &#x391;&#x39B;&#x395;&#x39E;&#x397; &#x396;&#x39F;&#x3A1;&#x39C;&#x3A0;&#x391;</subfield>
  </datafield>
  <datafield tag="650" ind1=" " ind2="4">
    <subfield code="a">Novela griega moderna</subfield>
    <subfield code="9">30984</subfield>
  </datafield>
  <datafield tag="650" ind1=" " ind2="4">
    <subfield code="a">Literatura griega moderna</subfield>
    <subfield code="9">30985</subfield>
  </datafield>
  <datafield tag="700" ind1="1" ind2=" ">
    <subfield code="a">Guibourg, Roberto,</subfield>
    <subfield code="e">tr.</subfield>
    <subfield code="9">30986</subfield>
  </datafield>
  <datafield tag="910" ind1=" " ind2=" ">
    <subfield code="a">WM</subfield>
  </datafield>
  <datafield tag="049" ind1=" " ind2=" ">
    <subfield code="a">BNGR</subfield>
  </datafield>
  <datafield tag="952" ind1=" " ind2=" ">
    <subfield code="0">0</subfield>
    <subfield code="1">0</subfield>
    <subfield code="5">2</subfield>
    <subfield code="7">0</subfield>
    <subfield code="8">MO</subfield>
    <subfield code="a">GR</subfield>
    <subfield code="b">GR</subfield>
    <subfield code="c">HD</subfield>
    <subfield code="d">2009-11-25</subfield>
    <subfield code="i">LF1</subfield>
    <subfield code="l">0</subfield>
    <subfield code="o">889.3 K23a, 1974</subfield>
    <subfield code="p">13585-10</subfield>
    <subfield code="r">2020-06-25</subfield>
    <subfield code="w">2020-06-25</subfield>
    <subfield code="y">2</subfield>
    <subfield code="Z">Pr&#xE9;stamo interno</subfield>
  </datafield>
  <datafield tag="952" ind1=" " ind2=" ">
    <subfield code="0">0</subfield>
    <subfield code="1">0</subfield>
    <subfield code="5">3</subfield>
    <subfield code="7">2</subfield>
    <subfield code="8">MO</subfield>
    <subfield code="a">GR</subfield>
    <subfield code="b">GR</subfield>
    <subfield code="c">HD</subfield>
    <subfield code="d">2009-11-25</subfield>
    <subfield code="i">LF1</subfield>
    <subfield code="l">0</subfield>
    <subfield code="o">889.3 K23a, 1974</subfield>
    <subfield code="p">13585-20</subfield>
    <subfield code="r">2020-06-25</subfield>
    <subfield code="t">e. 2</subfield>
    <subfield code="w">2020-06-25</subfield>
    <subfield code="y">2</subfield>
    <subfield code="Z">Pr&#xE9;stamo interno</subfield>
  </datafield>
  <datafield tag="999" ind1=" " ind2=" ">
    <subfield code="c">13204</subfield>
    <subfield code="d">13204</subfield>
  </datafield>
</record>
